000 00292nam a22001097a 4500
082 _a503.21 MCG'I
100 _aINTERNATIONAL
_956697
245 _aMCGRAW HILL ENCYCLOPEDIA OF SCEINCE AND TECHNOLOGY VOLUME - 9 NAI-REP
260 _aNEWYORK
_bMCGRAW HILL
_c1966
300 _a629P
942 _cBK
999 _c567063
_d567063